000 00599nam a2200229Ia 4500
003 OSt
005 20220923224815.0
006 a|||||r|||| 00| 0
007 ta
008 Pun
024 _a251,016
037 _cTextual
040 _aARTS
_cARTS
_bPun
041 _2Pun
_aPun
082 _aO153:g, J1;J5
100 _aਸਿੰਘ, ਹਰਦਿਆਲ
_9156291
245 0 _aਸਾਹਿਤਕ ਸਿਖਿਆ
260 _c1951
650 _aਪੰਜਾਬੀ ਸਾਹਿਤ
942 _hO153:g, J1;J5
_cTEXL
_2CC
999 _c373797
_d373797